Ta pravá škola pro vaše děti : průvodce základním vzděláním dítěte

Saved in:
Bibliographic Details
Main Author Vodičková, Markéta, 1972- (Author)
Format Book
LanguageCzech
Published Praha : Práh, 2025
EditionVydání první
Subjects
ISBN978-80-7696-102-9
Physical Description173 stran ; 21 cm

Cover

LEADER 00000aam a2200000 i 4500
001 115522
003 CZ-ZlUTB
005 20260429082905.0
007 ta
008 251106s2025 xr e f 000 0 cze d
015 |a cnb003722538 
020 |a 978-80-7696-102-9  |q (brožováno) 
040 |a CBA001  |b cze  |d BOA001  |d ZLD002  |e rda 
072 7 |a 37  |x Výchova a vzdělávání  |2 Konspekt  |9 22 
080 |a 373.3  |2 MRF 
080 |a 37.01  |2 MRF 
080 |a 159.953.5  |2 MRF 
080 |a 37.064  |2 MRF 
080 |a 37.064.2  |2 MRF 
080 |a (0.062)  |2 MRF 
100 1 |a Vodičková, Markéta,  |d 1972-  |7 xx0338447  |4 aut 
245 1 0 |a Ta pravá škola pro vaše děti :  |b průvodce základním vzděláním dítěte /  |c Markéta Vodičková 
250 |a Vydání první 
264 1 |a Praha :  |b Práh,  |c 2025 
300 |a 173 stran ;  |c 21 cm 
336 |a text  |b txt  |2 rdacontent 
337 |a bez média  |b n  |2 rdamedia 
338 |a svazek  |b nc  |2 rdacarrier 
504 |a Obsahuje bibliografii a bibliografické odkazy 
650 0 7 |a základní školy  |7 ph116795  |2 czenas 
650 0 7 |a vzdělávání  |7 ph127311  |2 czenas 
650 0 7 |a učení  |7 ph126979  |2 czenas 
650 0 7 |a klima školy  |7 ph249611  |2 czenas 
650 0 7 |a učitel a žák  |7 ph126980  |2 czenas 
650 0 9 |a elementary schools  |2 eczenas 
650 0 9 |a education  |2 eczenas 
650 0 9 |a learning  |2 eczenas 
650 0 9 |a school environment  |2 eczenas 
650 0 9 |a teacher and learner  |2 eczenas 
655 7 |a populárně-naučné publikace  |7 fd131864  |2 czenas 
655 9 |a popular works  |2 eczenas 
710 2 |a Práh (nakladatelství)  |7 xx0183871  |4 pbl 
910 |a ZLD002 
942 |2 udc 
952 |0 0  |1 0  |4 0  |5 0  |6 37VODIČKOVÁM  |7 0  |8 BOOK  |9 190850  |a UTBZL  |b UTBZL  |c 006  |d 2026-04-24  |l 0  |o 37/VODIČKOVÁ,M.  |p 420010202015  |r 2026-04-24 10:49:23  |v 299.00  |w 2026-04-24  |x N:nákup  |y 04 
992 |a BK  |b SK 
999 |c 115522  |d 115522